|
|
|
|
| LEADER |
00614nam a2200193 4500 |
| 020 |
|
|
|a 8181920139
|c 2925
|
| 082 |
|
|
|a 330.954 MAT
|
| 100 |
|
|
|a Mathur, Reeta
|
| 245 |
|
|
|a Recent trends in Indian economy; Indian financial system, Vol.3
|c Mathur, Reeta
|
| 250 |
|
|
|
| 260 |
|
|
|a Sublime Publications: Jaipur
|c 2003
|
| 300 |
|
|
|a 409 p
|
| 490 |
|
|
|
| 500 |
|
|
|a 3 Vol. set
|
| 590 |
|
|
|a Modern Book Centre
|b WCD1361/03;28/10/03
|
| 650 |
|
|
|a Indian economy
|
| 942 |
|
|
|c BK
|
| 999 |
|
|
|c 137667
|d 137667
|
| 952 |
|
|
|0 0
|1 0
|4 0
|6 330_954000000000000_MAT
|7 0
|9 151127
|a IMK
|b IMK
|g 2925.00
|l 0
|o 330.954 MAT
|p IMK04673
|r 2019-10-25
|w 2019-10-25
|y BK
|